| 000 | 00644nam a22002177i 4500 | ||
|---|---|---|---|
| 999 |
_c23232 _d23232 |
||
| 003 | AR-CdUCM | ||
| 008 | 250303b20162016 pe||||| |||| 00| 0 spa d | ||
| 020 | _a978-612-01-0568-9 | ||
| 040 |
_aMUNICIPALIDAD PROVINCIAL DEL CUSCO _cBIBLIOTECA MUNICIPAL DEL CUSCO |
||
| 041 | _hspa | ||
| 082 |
_aPI / 808.83 / D66P _bD66P |
||
| 100 |
_aDi Natale, Mónica _951066 |
||
| 245 | _aLa planta de cacao / | ||
| 260 |
_aLima : _bSantillana S.A. _c2021 |
||
| 300 |
_a12 páginas. : _c22x20 cm. |
||
| 505 | _aLa planta de cacao | ||
| 700 |
_aPinto, Maribel _951067 |
||
| 700 |
_aArce, Silvia _951068 |
||
| 942 |
_2ddc _cLIBROS |
||
| 945 |
_apbjr _d3-03-2025 |
||